Consequences of adoption of the SOCL's delay and disruption protocols "model" clauses for the Australian construction industry (Record no. 107041)

MARC details
000 -LEADER
fixed length control field 01223cam a22002175a 4500
001 - CONTROL NUMBER
control field L138175
008 - FIXED-LENGTH DATA ELEMENTS--GENERAL INFORMATION
fixed length control field 070521e2005 xxk f 100 0 eng d
035 ## - SYSTEM CONTROL NUMBER
System control number (Sirsi) u138175
041 0# - LANGUAGE CODE
Language code of text/sound track or separate title eng
100 1# - MAIN ENTRY--PERSONAL NAME
Personal name Ward, P.
245 00 - TITLE STATEMENT
Title Consequences of adoption of the SOCL's delay and disruption protocols "model" clauses for the Australian construction industry
Medium [electronic resource]
260 ## - PUBLICATION, DISTRIBUTION, ETC.
Date of publication, distribution, etc. 2005
490 #0 - SERIES STATEMENT
Series statement COBRA
Volume/sequential designation 2005
520 ## - SUMMARY, ETC.
Summary, etc. Discusses the Society of Construction Law's Delay and Disruption Protocol, and the "model" clauses that seek to address and improve the preparation, approval, and updating of the contract programme, and the keeping of suitable and adequate project site records. Reports a general agreement concerning the potential benefits from the implementation of the "model" clauses
651 #4 - SUBJECT ADDED ENTRY--GEOGRAPHIC NAME
Geographic name AUSTRALIA
651 #4 - SUBJECT ADDED ENTRY--GEOGRAPHIC NAME
Geographic name United Kingdom
Chronological subdivision
690 ## - LOCAL SUBJECT ADDED ENTRY--TOPICAL TERM (OCLC, RLIN)
Topical term or geographic name as entry element MANAGEMENT-BUSINESS MANAGEMENT-INFORMATION MANAGEMENT-DOCUMENT MANAGEMENT
711 2# - ADDED ENTRY--MEETING NAME
Meeting name or jurisdiction name as entry element Construction and Building Research Conference
Location of meeting University of Queensland, Brisbane
Date of meeting or treaty signing 4-5 July 2005
856 40 - ELECTRONIC LOCATION AND ACCESS
Uniform Resource Identifier <a href="https://www.rics.org/site/scripts/download_info.aspx?downloadID=2549">https://www.rics.org/site/scripts/download_info.aspx?downloadID=2549</a>
Public note View the item free of charge at www.rics.org...
942 ## - ADDED ENTRY ELEMENTS (KOHA)
Suppress in OPAC 0
Holdings
Withdrawn status Lost status Source of classification or shelving scheme Damaged status Not for loan Home library Current library Shelving location Date acquired Total Checkouts Full call number Barcode Date last seen Copy number Price effective from Koha item type
    Dewey Decimal Classification     Virtual Virtual Online 21/05/2007   ONLINE PUBLICATION 138175-2001 06/08/2019 1 06/08/2019 Book